00826nam a22002417a 450000100060000000300080000600500170001400800410003102000150007203500190008704000320010604100080013808200220014610000320016824500390020025000120023926000690025130000290032050000710034950400390042050501010045965000240056072141BD-RjUL20211209082221.0170514r20021973enka 000 0 eng d a8178081636 a(BD-RjUL)72357 aTXVcTXVdMYGdBD-RjULbeng aeng 223a547bFIO 20021 aFinar, I. L.q(Ivor Lionel)10aOrganic chemistry / cI. L. Finar a6th ed. aHarlow [England] :bJ. Wiley Distributor,c1973,[Reprinted 2002] aVol. 1 :bill. ;c25 cm. aAmerican ISBN and distribution statement mounted on p. 4 of cover. aIncludes bibliographies and index.0 av. 1. The fundamental principles -- v. 2. Stereochemistry and the chemistry of natural products. 0aChemistry, Organic.